000 00382nam a2200133Ia 4500
008 230917s9999||||xx |||||||||||||| ||und||
040 _e92393
_aMAIN
041 _aEnglish
082 _a615.842 S77C
100 _aSuraj Bhan
245 0 _aConcomitant cisplatin chemotherapy and radiotherapy in advanced squamous cell corcinoma of the head and neck
300 _a86 p.
942 _cTH
999 _c73997
_d73997